Informačné a komunikačné spôsobilosti žiakov SŠ = Information and communication abilities of students : Diplomová práca

Enregistré dans:
Détails bibliographiques
Auteur principal: Brzová, Dagmar (Auteur)
Autres auteurs: Kultan, Jaroslav (xxx)
Format: Manuscrit Livre
Langue:slovaque
Publié: Trnava : STU v Bratislave MTF UIPH, 2009
Sujets:
Tags: Ajouter un tag
Pas de tags, Soyez le premier à ajouter un tag!

MARC

LEADER 00000ntm a22000003a 4500
001 stu198814
005 20160719160101.5
008 100122s2009----xo------------------slo-d
040 |a STU  |b slo 
041 0 |a slo 
044 |a xo 
100 1 |a Brzová, Dagmar  |4 aut 
245 1 |a Informačné a komunikačné spôsobilosti žiakov SŠ = Information and communication abilities of students :  |b Diplomová práca 
260 |a Trnava :  |b STU v Bratislave MTF UIPH,  |c 2009 
300 |a 70 s  |c Prílohy + 1 CD-ROM 
500 |a Študijný program: učiteľstvo technických profesijných predmetov 
500 |a Študijný odbor: 1.1.2 učiteľstvo profesijných predmetov a praktickej prípravy 
650 7 |a vzdelávanie  |2 stusub 
650 7 |a vyučovací proces  |2 stusub 
650 7 |a štýly učenia  |2 stusub 
700 1 |a Kultan, Jaroslav  |4 xxx 
996 |b 284M077803  |c M*DP-8830  |l MMSKP  |s P  |a 0  |w stu198814_0001